| 000 | 00388nam a22001457a 4500 | ||
|---|---|---|---|
| 003 | OSt | ||
| 005 | 20160727222410.0 | ||
| 008 | 160624b xxu||||| |||| 00| 0 eng d | ||
| 040 | _cTest | ||
| 100 |
_9966 _aBlyton, G |
||
| 245 | _aThe Famous Five ( Five get into trouble) | ||
| 260 |
_aLon _b Hodder & Stoughton _c1949 |
||
| 300 | _aThe Famous Five ( Five get into trouble) | ||
| 942 |
_2ddc _cBK |
||
| 999 |
_c768 _d768 |
||